Statistiques concernant Quiz sur Rafael Nadal

Cliquez ici pour prendre le quiz!

Statistiques générales

  • Ce quiz a été pris 94 fois
  • Le résultat moyen est 11 sur 15

Statistiques - réponses

QuestionRéponse% Correct
Par quel diminutif, le joueur de tennis Rafael Nadal est-il souvent nommé ?Rafa
99%
De quelle île de la Méditerranée Rafael Nadal est-il originaire ?Majorque
97%
Combien de fois Rafael Nadal a-t-il gagné le tournoi de Roland-Garros ?14
90%
De quelle équipe de football Rafael Nadal est-il un fervent supporter ?Real Madrid
88%
Rafael Nadal est droitier sur les terrains de tennis. Vrai ou faux ?Faux
85%
Quel logo figurant un animal Rafael Nadal porte-t-il sur ses chaussures ?Un taureau
85%
Par quel membre de sa famille, le tennisman Rafael Nadal, a-t-il longtemps été entraîné ?Son oncle
84%
Combien de tournois du Grand Chelem Rafael Nadal a-t-il remportés dans toute sa carrière jusqu’en 2022 ?22
81%
Quelle est l'année de naissance de Rafael Nadal ?1986
77%
Lors de quelles olympiades Rafael Nadal devient-il champion olympique de tennis en simple ?En 2008 à Pékin
63%
Quel coup Rafael Nadal fut-il le premier à utiliser ?Le coup droit lasso
63%
Qui Rafael Nadal bat-il lors de sa première finale gagnée à Roland-Garros en 2005 ?Mariano Puerta
59%
Quel équipementier fournit les raquettes à Rafael Nadal depuis ses débuts de joueur ?Babolat
57%
Rafael Nadal a remporté au moins cinq fois la Coupe Davis avec l’équipe d’Espagne. Vrai ou faux ?Vrai
29%
Combien de finales a perdu Nadal?38
1%

Distribution des résultats

Percentile par nombre de réponses

% des personnes avec chaque résultat

Votre développement - résultats

Vous n’avez pas pris ce quiz